| 000 | 00583nam a22001817a 4500 | ||
|---|---|---|---|
| 005 | 20251108164937.0 | ||
| 008 | 250721s1979 xx 000 0 ara d | ||
| 082 | 1 | 4 | _a657/فؤا |
| 100 | 1 | _aزكو، فؤاد سليمان | |
| 245 | 1 | 0 | _aالمحاسبة / |
| 264 | 1 |
_aالموصل : _bجامعة الموصل - وزارة التعليم العالي و البحث العلمي، _c1979. |
|
| 300 | _a614ص | ||
| 650 | 1 | 7 | _aالمحاسبة |
| 700 | 1 | _aالجليلي، مقداد أحمد | |
| 700 | 1 | _aالشاوي، محمد طاهر | |
| 942 |
_2ddc _cBK |
||
| 999 |
_c18057 _d18057 |
||